LIBRARY & INFORMATION CENTRE, KCAET, TAVANUR

ONLINE PUBLIC ACCESS CATALOGUE (OPAC)

Bioprocess engineering principles / (Record no. 13221)

MARC details
000 -LEADER
fixed length control field 00428cam a2200169ua 4500
041 ## - LANGUAGE CODE
Language code of text/sound track or separate title eng
082 ## - DEWEY DECIMAL CLASSIFICATION NUMBER
Classification number 660.63
Item number DOR/BI
100 ## - MAIN ENTRY--AUTHOR NAME
Personal name Doran, Pauline M .
245 ## - TITLE STATEMENT
Title Bioprocess engineering principles /
260 ## - PUBLICATION, DISTRIBUTION, ETC. (IMPRINT)
Place of publication New York :
Name of publisher Academic Press ,
Year of publication 2007.
300 ## - PHYSICAL DESCRIPTION
Number of Pages 439 ; .
942 ## - ADDED ENTRY ELEMENTS (KOHA)
Koha item type Books
Holdings
Withdrawn status Lost status Damaged status Home library Current library Date acquired Full call number Accession Number Koha item type
      KAUAET KAUAET 07/04/2012 660.63 21862 Books
free website counter